000 00951nam a2200289 a 4500
001 28778
003 BD-RjUL
005 20211209051327.0
008 140331s2008 nyuab b 001 0 eng
020 _a9780393925470 (hbk.)
020 _a0393925471 (hbk.)
035 _a(OCoLC)ocn213495360
035 _a(BD-RjUL)28860
040 _aDLC
_cDLC
_dYDX
_dBAKER
_dYDXCP
_dDLC
_dBD-RjUL
_beng
041 _aeng
082 0 0 _a909
_222
_bWOR 2008
245 0 0 _aWorlds together, worlds apart :
_ba history of the world from the beginnings of humankind to the present /
_cRobert Tignor ... [et al.].
250 _a2nd ed.
260 _aNew York :
_bW.W. Norton,
_cc2008.
300 _axl, 960, A68 p. :
_bill. (some col.), col. maps ;
_c29 cm.
504 _aIncludes bibliographical references and index.
650 0 _aWorld history.
_988019
700 1 _aTignor, Robert L.
_988020
942 _2ddc
_cBK
999 _c28778
_d28778